000 00667nam a2200205Ia 4500
003 GCL
008 140319s9999 xx 000 0 ara d
040 _aGCL /
_cGCL
082 0 4 _a091.1
_bج ف
100 1 _aجامعة الملك سعود
245 1 0 _aفهرس مخطوطات جامعة الملك سعود(5) اصول الدين والفرق الاسلامية /
_cجامعة الملك سعود
260 _a[S.N] :
_bعمادة شئون المكتبات ،
_c1982
300 _a386
490 _a
650 0 4 _aالفرق الاسلامية
650 0 4 _aمخطوطات
650 0 4 _aالفهارس
650 0 4 _aاصول الدين
942 _2ddc
_cBK
999 _c31177
_d31177